000 00764nam a2200289Ia 4500
005 20260324112909.0
008 008 260324s9999 xx 000 0 eng d
020 _a9781003465812
037 _aEBOOK
040 _aCRL
040 _beng
040 _cCRL
041 _2eng
041 _aeng
084 _qCRL
100 _aGeorge Blumenthal; Josefina Castillo Baltodano; Ding-Jo H. Currie
_91144583
245 0 _aCareer Journeys of Diverse Leaders in Higher Education
245 0 _bClimbing the Rough Side of the Mountain
260 _bTaylor and Francis
260 _c2024
365 _a
365 _b230
856 _uhttp://www.taylorfrancis.com/books/9781003465812
942 _cEBOOK
999 _c1733968
_d1733968